[Event "GER-ch U25-B"]
[Site "Willingen"]
[Date "2018.05.22"]
[Round "4"]
[White "Lange, Malina"]
[Black "Schulze, Lukas"]
[Result "0-1"]
[WhiteElo "1439"]
[BlackElo "1562"]
[PlyCount "158"]
[EventDate "2018.05.19"]
[EventType "swiss"]
[EventRounds "9"]
[EventCountry "GER"]
[SourceTitle "CBM 184 Extra"]
[Source "ChessBase"]
[SourceDate "2018.06.28"]
[SourceVersion "1"]
[SourceVersionDate "2018.06.28"]
[SourceQuality "1"]

1. e4 c5 2. Nf3 d6 3. d4 cxd4 4. Nxd4 Nf6 5. Nc3 g6 6. Bc4 Bg7 7. 0-0 0-0 8. Be3 Nc6 9. Nf3 Bd7 10. Qd2 Rc8 11. Bh6 Na5 12. Bd3 Nc4 13. Bxc4 Rxc4 14. Bxg7 Kxg7 15. Qd3 Rc8 16. Rad1 Qb6 17. Rb1 Bc6 18. e5 dxe5 19. Nxe5 Rfd8 20. Qg3 Bb5 21. Rfe1 Ba6 22. Nf3 Kg8 23. Ng5 Rd7 24. Qh3 Rcc7 25. b3 Kg7 26. Qf3 Rd2 27. Rbc1 Rxc3 28. Qf4 Rd7 29. Nf3 Rdc7 30. Qd2 R3c6 31. c4 Re6 32. Rxe6 Qxe6 33. Re1 Qd7 34. Qc3 Qd6 35. h3 Qc5 36. Ne5 b5 37. Ng4 bxc4 38. bxc4 Qxc4 39. Qb2 Rb7 40. Qa3 Nxg4 41. hxg4 Qb4 42. Qe3 Qxg4 43. Qc3+ Kg8 44. Qc6 Qb4 45. Rd1 Qb6 46. Qc8+ Kg7 47. Qc3+ Qf6 48. Qa5 Rb2 49. Qc5 Rxa2 50. Qxa7 Ra1 51. Rxa1 Qxa1+ 52. Kh2 Qe5+ 53. Kg1 Bb5 54. Qa5 Qd5 55. Qc3+ f6 56. Qe3 Qe5 57. Qb3 Bc6 58. Qb1 Qe4 59. Qf1 h5 60. f3 Qd4+ 61. Kh2 Qh4+ 62. Kg1 Qg3 63. Kh1 h4 64. Qe2 Qe5 65. Qc4 Qe1+ 66. Kh2 Qg3+ 67. Kh1 h3 68. Qf1 hxg2+ 69. Qxg2 Bxf3 70. Qxf3 Qxf3+ 71. Kg1 Qe2 72. Kh1 Qa2 73. Kg1 e5 74. Kf1 e4 75. Ke1 f5 76. Kf1 f4 77. Ke1 f3 78. Kd1 f2 79. Kc1 f1Q# 0-1

[Event "GER-ch U25-B"]
[Site "Willingen"]
[Date "2018.05.21"]
[Round "3"]
[White "Schulze, Lukas"]
[Black "Goetz, Timon"]
[Result "1-0"]
[WhiteElo "1562"]
[BlackElo "1413"]
[PlyCount "93"]
[EventDate "2018.05.19"]
[EventType "swiss"]
[EventRounds "9"]
[EventCountry "GER"]
[SourceTitle "CBM 184 Extra"]
[Source "ChessBase"]
[SourceDate "2018.06.28"]
[SourceVersion "1"]
[SourceVersionDate "2018.06.28"]
[SourceQuality "1"]

1. Nf3 c5 2. c4 Nf6 3. g3 b6 4. Bg2 Bb7 5. 0-0 g6 6. Nc3 Bg7 7. b3 d6 8. Bb2 Nbd7 9. d4 cxd4 10. Nxd4 Bxg2 11. Kxg2 Rc8 12. Qd3 a6 13. Rad1 0-0 14. Ne4 Nxe4 15. Qxe4 Nf6 16. Qf3 Rc7 17. Rd3 Qb8 18. Kg1 Rfc8 19. a4 Nd7 20. Rb1 Ne5 21. Qe3 Nxd3 22. exd3 e6 23. h4 Re8 24. Qf3 Qd8 25. h5 e5 26. Nc6 Qd7 27. Nb4 Qc8 28. h6 Bxh6 29. Nd5 Bg7 30. Nxc7 Qxc7 31. Re1 Qd7 32. Kg2 b5 33. axb5 axb5 34. Qd5 bxc4 35. dxc4 Qc7 36. Ba3 Bf8 37. Rd1 Re6 38. b4 Qa7 39. Rd3 Qc7 40. b5 Qb6 41. Qc6 Qb8 42. b6 d5 43. Qxd5 Rxb6 44. Qd8 Kg7 45. Bxf8+ Kg8 46. Bh6+ Qxd8 47. Rxd8# 1-0

[Event "Hannover Bezirk-ch U14"]
[Site "Lehrte"]
[Date "2017.10.29"]
[Round "3.1"]
[White "Schulze, Lukas"]
[Black "Reimer, Philip"]
[Result "0-1"]
[WhiteElo "1461"]
[BlackElo "1503"]
[PlyCount "58"]
[EventDate "2017.10.28"]
[EventType "swiss"]
[EventRounds "7"]
[EventCountry "GER"]
[SourceTitle "EXT 2022"]
[Source "ChessBase"]
[SourceDate "2021.10.06"]
[SourceVersion "1"]
[SourceVersionDate "2021.10.06"]
[SourceQuality "1"]

1. Nf3 d5 2. c4 d4 3. g3 Nc6 4. Bg2 Nf6 5. 0-0 e5 6. Qa4 Bd7 7. Qb5 Bd6 8. d3 Nb4 9. Qa5 b6 10. Qa3 Nc2 11. Qb3 Nxa1 12. Qd1 h6 13. Nbd2 0-0 14. e3 c5 15. Nxe5 Bxe5 16. Bxa8 Qxa8 17. e4 Bc7 18. Re1 Ng4 19. Nf3 f5 20. e5 Bc6 21. Nh4 Nxe5 22. Bf4 Nf3+ 23. Nxf3 Bxf3 24. Qxa1 Bxf4 25. gxf4 Bh1 26. Kf1 Qg2+ 27. Ke2 Re8+ 28. Kd1 Rxe1+ 29. Kxe1 Qg1+ 0-1

[Event "Hannover Bezirk-ch U14"]
[Site "Lehrte"]
[Date "2017.10.28"]
[Round "1.3"]
[White "Braun, Hannes"]
[Black "Schulze, Lukas"]
[Result "0-1"]
[WhiteElo "993"]
[BlackElo "1461"]
[PlyCount "106"]
[EventDate "2017.10.28"]
[EventType "swiss"]
[EventRounds "7"]
[EventCountry "GER"]
[SourceTitle "EXT 2022"]
[Source "ChessBase"]
[SourceDate "2021.10.06"]
[SourceVersion "1"]
[SourceVersionDate "2021.10.06"]
[SourceQuality "1"]

1. e4 c6 2. Bc4 d5 3. exd5 cxd5 4. Bb5+ Bd7 5. Bxd7+ Qxd7 6. Nf3 Nc6 7. 0-0 e6 8. d3 Nge7 9. Bf4 Rc8 10. Ne5 Nxe5 11. Bxe5 Nc6 12. Bc3 d4 13. Bd2 Nb4 14. Na3 Qc6 15. Bxb4 Bxb4 16. Rc1 Qa4 17. Nc4 0-0 18. a3 Be7 19. Ra1 b5 20. b3 Qa6 21. Ne5 Bxa3 22. Qb1 Qd6 23. Nf3 Rc7 24. Nd2 Bb4 25. Ne4 Qe5 26. Nd2 Bxd2 27. Qd1 Bb4 28. f4 Qe3+ 29. Rf2 e5 30. fxe5 Qxe5 31. Re2 Qh5 32. Qf1 Bd6 33. h3 Rfc8 34. Rae1 f6 35. g4 Qg6 36. Qg2 Bb4 37. Qd5+ Qf7 38. Re8+ Bf8 39. Qxd4 Rxe8 40. Rxe8 Rxc2 41. Rb8 h6 42. h4 Qc7 43. Qd5+ Kh7 44. Qe4+ f5 45. Qxf5+ g6 46. Rb7 Qxb7 47. Qf1 Qc7 48. Qh3 Rc1+ 49. Kf2 Qc2+ 50. Kf3 Qxd3+ 51. Kg2 Rc2+ 52. Kg1 Qxh3 53. h5 Qg2# 0-1

[Event "GER-ch U25-B"]
[Site "Willingen"]
[Date "2017.06.07"]
[Round "6"]
[White "Schulter, Moritz"]
[Black "Schulze, Lukas"]
[Result "1-0"]
[WhiteElo "1324"]
[BlackElo "1476"]
[PlyCount "93"]
[EventDate "2017.06.04"]
[EventType "swiss"]
[EventRounds "9"]
[EventCountry "GER"]
[SourceTitle "CBM 178 Extra"]
[Source "ChessBase"]
[SourceDate "2017.06.22"]
[SourceVersion "1"]
[SourceVersionDate "2017.06.22"]
[SourceQuality "1"]

1. e4 c6 2. d4 d5 3. e5 Bf5 4. Nf3 e6 5. Be2 Nd7 6. 0-0 a6 7. Nbd2 c5 8. c4 Ne7 9. Nb3 dxc4 10. Bxc4 Nb6 11. Be2 cxd4 12. Qxd4 Qc7 13. Bd2 Rd8 14. Qc3 Qxc3 15. Bxc3 Na4 16. Bd2 Nxb2 17. Nbd4 Bd3 18. Bxd3 Nxd3 19. Rfb1 b5 20. Ba5 Rd5 21. Rd1 Nxe5 22. Nxe5 Rxe5 23. Nxb5 Nd5 24. Nc7+ Nxc7 25. Bxc7 Rc5 26. Rac1 Rxc1 27. Rxc1 Ba3 28. Rc3 Bb2 29. Rb3 Bd4 30. Rb8+ Kd7 31. Rxh8 Kxc7 32. Rxh7 Bb2 33. Rh3 Kc6 34. Rb3 Bd4 35. Kf1 a5 36. Ke2 Kc5 37. f3 a4 38. Rb7 f5 39. Kd3 Be5 40. h3 a3 41. g4 Kc6 42. Rb3 Bb2 43. Ke3 Kc5 44. gxf5 exf5 45. Kf4 g6 46. Kg5 Bc1+ 47. Kxg6 1-0

[Event "GER-ch U25-B"]
[Site "Willingen"]
[Date "2017.06.06"]
[Round "4"]
[White "Lessmann, Soenke"]
[Black "Schulze, Lukas"]
[Result "1-0"]
[WhiteElo "1557"]
[BlackElo "1476"]
[PlyCount "99"]
[EventDate "2017.06.04"]
[EventType "swiss"]
[EventRounds "9"]
[EventCountry "GER"]
[SourceTitle "CBM 178 Extra"]
[Source "ChessBase"]
[SourceDate "2017.06.22"]
[SourceVersion "1"]
[SourceVersionDate "2017.06.22"]
[SourceQuality "1"]

1. e4 c6 2. d3 d5 3. Nd2 e5 4. Ngf3 Bd6 5. g3 Nf6 6. Bg2 0-0 7. 0-0 Re8 8. h3 Nbd7 9. Re1 Qc7 10. b3 a5 11. a4 d4 12. Bb2 b5 13. Nh4 Nc5 14. Nf5 Bxf5 15. exf5 Rab8 16. axb5 cxb5 17. Ba3 Qd7 18. Bxc5 Bxc5 19. Ne4 Nxe4 20. Bxe4 a4 21. Qf3 Rb6 22. Reb1 Rc8 23. Bd5 Bb4 24. bxa4 bxa4 25. Bc4 Rcb8 26. Qd5 Qxd5 27. Bxd5 a3 28. Ra2 Be7 29. Bb3 h5 30. Kg2 Bb4 31. Kf3 Rf6 32. Ke4 Bd6 33. f3 Rd8 34. Bc4 h4 35. g4 Rh6 36. Rb7 Rf8 37. g5 Rh5 38. g6 Rh6 39. Bxf7+ Kh8 40. Rd7 Bc5 41. Rd5 Be7 42. Rxe5 Bd6 43. Rd5 Be7 44. Rxd4 Rb8 45. Bb3 Rh5 46. f4 Rb5 47. Rxa3 Rhxf5 48. Ra8+ Rf8 49. Rxf8+ Bxf8 50. Rd8 1-0

[Event "GER-ch U25-B"]
[Site "Willingen"]
[Date "2017.06.06"]
[Round "5"]
[White "Schulze, Lukas"]
[Black "Youness, Fatima"]
[Result "1-0"]
[WhiteElo "1476"]
[BlackElo "1196"]
[PlyCount "25"]
[EventDate "2017.06.04"]
[EventType "swiss"]
[EventRounds "9"]
[EventCountry "GER"]
[SourceTitle "CBM 178 Extra"]
[Source "ChessBase"]
[SourceDate "2017.06.22"]
[SourceVersion "1"]
[SourceVersionDate "2017.06.22"]
[SourceQuality "1"]

1. Nf3 d5 2. c4 e6 3. g3 Nf6 4. Bg2 Be7 5. 0-0 0-0 6. d4 c6 7. Qc2 Nbd7 8. Nbd2 b6 9. e4 Bb7 10. Ng5 e5 11. exd5 cxd5 12. cxd5 Nxd5 13. Qxh7# 1-0